000 02699cam a2200313 4500500
005 20260111091155.0
041 _afre
042 _adc
100 1 0 _aKirazian, Laurie
_eauthor
245 0 0 _aLes limites de l’accueil pour les mineurs non accompagnés
260 _c2025.
500 _a75
520 _aCet article s’appuie sur le suivi clinique d’un mineur non accompagné accueilli dans un foyer de protection de l’enfance puis sorti du dispositif à sa majorité. À partir de ce cas, l’auteure explore les effets psychiques des ruptures multiples, familiales, culturelles et institutionnelles, qui marquent le parcours des jeunes en exil dont le vécu réactive des blessures de désaffiliation à l’œuvre dans l’expérience migratoire. L’article interroge les effets désorganisateurs d’un lien institutionnel défaillant, notamment au moment charnière du passage à la majorité. Il montre comment l’absence de relais contenants peut compromettre le processus de subjectivation. L’articulation entre vécu individuel et cadre institutionnel permet de penser les enjeux contemporains de l’accueil et souligne les risques de désubjectivation liés à des logiques d’exclusion programmée.
520 _aThis article is based on the clinical case study of an unaccompanied minor placed in a child protection service who was later expelled from it upon reaching the age of majority. The author explores the psychological effects of the multiple break-ups (familial, cultural, and institutional) that shape the experience of these young people in exile. These experiences often reactivate earlier wounds of disaffiliation already present in the migratory process. The disorganizing effects of a failing institutional bond are examined, particularly at the pivotal moment of transition to adulthood. It is shown how the absence of containing frameworks may undermine the process of subjectivation. Correlating individual experience with institutional dynamics, contemporary challenges in care practices are explored and the risks of desubjectivation inherent in programmed forms of exclusion are highlighted.
690 _adésaffiliation
690 _aExil
690 _ainstitution
690 _alien familial
690 _amineurs non accompagnés
690 _atransition vers la majorité
690 _adisaffiliation
690 _aExile
690 _afamily bonds
690 _ainstitution
690 _atransition to adulthood
690 _aunaccompanied minors
786 0 _nDialogue | 250 | 4 | 2025-12-15 | p. 89-103 | 0242-8962
856 4 1 _uhttps://shs.cairn.info/revue-dialogue-2025-4-page-89?lang=fr&redirect-ssocas=7080
999 _c1620472
_d1620472